The Great Spa Towns of Europe - Statistics

General Stats
  • This quiz has been taken 28 times
  • The average score is 3 of 11
Answer Stats
Picture Hint Answer % Correct
United Kingdom Bath
96%
Belgium Spa
69%
Germany Baden-Baden
54%
Czech Republic Karlovy Vary
38%
Austria Baden bei Wien
19%
Czech Republic Mariánské Lázně
19%
France Vichy
15%
Germany Bad Ems
12%
Germany Bad Kissingen
8%
Italy Montecatini Terme
4%
Czech Republic Františkovy Lázně
0%
No matching quizzes found
Score Distribution
Percent of People with Each Score
Percentile by Number Answered
Your Score History
You have not taken this quiz